000 00478nam a2200169Ia 4500
003 GCL
008 140319s9999 xx 000 0 ara d
040 _aGCL /
_cGCL
082 0 4 _aد
_b050
100 1 _aنجوى كامل
245 1 0 _aمحمود عزمى :رائد الصحافة المصرية (اقرا 533 ) /
_cنجوى كامل
300 _a157
490 _aاقرأ
_v0
650 0 4 _aالصحافة المصرية
650 0 4 _aمحمود عزمى
942 _2ddc
_cBK
999 _c48851
_d48851